Rocks & minerals sticker book : (Record no. 6163)
[ view plain ]
| 000 -LEADER | |
|---|---|
| fixed length control field | 01071nam a22002537a 4500 |
| 001 - CONTROL NUMBER | |
| control field | 6163 |
| 003 - CONTROL NUMBER IDENTIFIER | |
| control field | FISKH |
| 005 - DATE AND TIME OF LATEST TRANSACTION | |
| control field | 20250321110533.0 |
| 008 - FIXED-LENGTH DATA ELEMENTS--GENERAL INFORMATION | |
| fixed length control field | 250321b cb ||||| |||| 00| 0 eng d |
| 020 ## - INTERNATIONAL STANDARD BOOK NUMBER | |
| International Standard Book Number | 9780746029992 |
| 040 ## - CATALOGING SOURCE | |
| Original cataloging agency | FISKH |
| Language of cataloging | eng |
| Transcribing agency | FISKH |
| Modifying agency | FISKH |
| 050 ## - LIBRARY OF CONGRESS CALL NUMBER | |
| Classification number | QE432.2 |
| 082 ## - DEWEY DECIMAL CLASSIFICATION NUMBER | |
| Classification number | 552 |
| 100 ## - MAIN ENTRY--PERSONAL NAME | |
| Personal name | Miles, Lisa |
| 245 ## - TITLE STATEMENT | |
| Title | Rocks & minerals sticker book : |
| Remainder of title | Usborne spotter's guides / |
| Statement of responsibility, etc. | Edited by Lisa Miles ; Designed by Fiona Johnson and Karen Webb ; Line illustrations by Guy Smith ; Photographs by Mike Freeman ; Cover illustration by Ian Jackson |
| 250 ## - EDITION STATEMENT | |
| Edition statement | First Published in America March 1998 |
| 260 ## - PUBLICATION, DISTRIBUTION, ETC. | |
| Place of publication, distribution, etc. | London : |
| Name of publisher, distributor, etc. | Usborne Publishing, |
| Date of publication, distribution, etc. | 1997. |
| 300 ## - PHYSICAL DESCRIPTION | |
| Extent | 15 pages : |
| Other physical details | color illustrations ; |
| Dimensions | 27 cm |
| 520 ## - SUMMARY, ETC. | |
| Summary, etc. | This sticker book introduces rocks and minerals as an aspect of the natural world. It helps the user to identify different types with over 100 reusable stickers. |
| 650 ## - SUBJECT ADDED ENTRY--TOPICAL TERM | |
| Topical term or geographic name entry element | Earth Science |
| Form subdivision | Picture Book |
| General subdivision | Reference Rocks |
| Chronological subdivision | Planet |
| 700 ## - ADDED ENTRY--PERSONAL NAME | |
| Personal name | Jackson, Ian |
| Relator term | Illustrator |
| 942 ## - ADDED ENTRY ELEMENTS (KOHA) | |
| Source of classification or shelving scheme | Dewey Decimal Classification |
| Koha item type | Books |
| Suppress in OPAC | No |
| Withdrawn status | Lost status | Source of classification or shelving scheme | Damaged status | Not for loan | Collection | Home library | Current library | Shelving location | Date acquired | Total Checkouts | Full call number | Barcode | Date last seen | Price effective from | Koha item type |
|---|---|---|---|---|---|---|---|---|---|---|---|---|---|---|---|
| Dewey Decimal Classification | Non-Fiction | Footprints International School Library Network Toul Kork Campus | Footprints International School Library Network Toul Kork Campus | A TK Campus, 4th Floor, Room B401, Non-Fiction Bookcases(7-8) | 03/21/2025 | MIL 552 QE432.2 | FISBK06395 | 03/21/2025 | 03/21/2025 | Books |
